Vrai ou Faux - Astronomie - Statistiques

Statistiques générales
  • Ce quiz a été pris 30 734 fois
  • Le résultat moyen est 12 sur 18
Statistiques - réponses
Question Réponse % Correct
On ne connaît aucune planète en dehors du Système Solaire Faux
89%
Des véhicules spatiaux non-habités se sont déjà posés sur Mars Vrai
89%
La lumière du Soleil met environ 1 an à atteindre la Terre Faux
86%
Andromède est la galaxie majeure la plus proche de la Voie Lactée Vrai
85%
L'eau liquide ne peut pas exister en dehors de la Terre Faux
82%
Les scientifiques pensent que l'Univers a environ 13,8 milliard d'années Vrai
82%
Saturne est plus proche du Soleil que de Neptune Vrai
80%
La Lune est le plus grand satellite naturel du Système Solaire Faux
77%
Les scientifiques pensent que le centre de la Voie Lactée est un trou noir Vrai
74%
C'est toujours la même face de la Lune qui est tournée vers la Terre Vrai
71%
La distance entre la Voie Lactée et la plupart des galaxies s'accroît Vrai
71%
Une unité astronomique correspond au diamètre du Système Solaire Faux
58%
Neptune a des anneaux Vrai
49%
Mercure est la planète la plus chaude du Système Solaire Faux
40%
Pluton n'a pas de satellite naturel connu Faux
37%
Si deux vaisseaux spatiaux partent dans des directions opposées à 90% de la vitesse de la lumière, ils ne pourront plus jamais communiquer Faux
31%
Le Soleil compte parmi les étoiles les plus petites de la galaxie Faux
28%
Des planètes du Système Solaire, Mars est la plus similaire à la Terre en taille Faux
28%
Aucun quiz correspondant
Distribution des résultats
% des personnes avec chaque résultat
Percentile par nombre de réponses
Votre historique - résultats
Vous n’avez pas pris ce quiz